| 000 | 00467nam a2200181Ia 4500 | ||
|---|---|---|---|
| 001 | 7412 | ||
| 005 | 20260306160453.0 | ||
| 008 | 260306t2011||||xx |||||||||||||| ||spa|| | ||
| 041 | _aESP | ||
| 082 |
_a338.98 _bO666 |
||
| 100 |
_aOppenheimer, Andrés _eAUT |
||
| 245 | 0 |
_a¡Basta de historias!: _bla obsesión latinoamericana con el pasado y las claves del futuro |
|
| 260 | _c2011 | ||
| 300 |
_a _c |
||
| 650 | _aGEN | ||
| 654 | _aCAN | ||
| 942 |
_cLIB _dJUS _fJUS _2ddc _n |
||
| 999 |
_c7412 _d7412 |
||